Ciudades más visitadas de Europa. - Estadísticas

Estadísticas generales
  • Esta prueba ha sido intentada 211 veces
  • La puntuación promedio es 19 de 20
Estadísticas de respuestas
País Ciudad % Correcto
España Barcelona
99%
Reino Unido Londres
99%
Francia París
99%
Italia Roma
99%
Portugal Lisboa
98%
España Madrid
98%
Rusia Moscú
98%
Grecia Atenas
97%
Alemania Berlín
97%
Paises Bajos Amsterdam
96%
Turquía Estambul
96%
Irlanda Dublín
95%
Austria Viena
94%
Républica Checa Praga
93%
Italia Milán
92%
Hungría Budapest
91%
Italia Venecia
90%
Rusia San Petersburgo
84%
Italia Florencia
81%
Polonia Cracovia
69%
No se encontraron pruebas coincidentes
Distribución de puntuación
Porcentaje de gente con cada puntuación
Porcentaje por número respondido
Historial de tus puntuaciones
No has intentado esta prueba.